000 01312nam a22002897a 4500
001 000458
003 DO-SdBNP
005 20230301125602.0
007 000458
008 160713b 2010 mx 00| 0 spa d
020 _a9789705801891
040 _8
_aBPMSU
_cspa
_bBPMSU
082 _a808.83
_bC965i 2010
_222
245 0 _aCuentos inolvidables según Julio Cortázar /
_c prólogo Cardés Álvarez Garriga.
250 _a
260 _aMéxico :
_bAlfaguara,
_c2010.
300 _a321 p. :
_bil. ;
_c23 cm.
490 0 _aAlfaguara juvenil
500 _aIncluye referencias bibliográficas y notas al pie de las páginas
505 0 _aTlon, Uqbar, Orbis Tertius / Jorge Luis Borges ; William Wilson / Edgar Allan Poe ; Un recuerdo navideño / Truman Capote ; El puente sobre el río del Búho / Ambrose Bierce ; La lección del maestro / Henry James ; La muerte de Iván Ilich / León Tolstoi ; Un sueño realizado / Juan Carlos Onetti ; La casa inundada / Felisberto Hernández ; Conejos blancos / Leonora Carrington ; Extasis / Katherine Mansfield
590 _6Inventariado, 2023/VM
650 _aCuentos
_vColecciones
700 1 _aBorges, Jorge Luis,
_d1899-1986.
_e
_t
700 1 2 _aÁlvarez Garriga, Cardés,
_epról.
910 _aVMateo V. Control de calidad (BPMSU)
942 _2ddc
_cBK
999 _c10868
_d10868